| 000 | 00411cam a2200181ua 4500 | ||
|---|---|---|---|
| 020 | _c3.00 | ||
| 041 |
_ahin _h |
||
| 082 |
_a891.54 _bRAN/RA |
||
| 100 | _aRangay, Ragav . | ||
| 245 |
_aRah Na Ruki / _cRangay Ragav. _hTextual Documents |
||
| 250 |
_a2 / _b. |
||
| 260 |
_a : _bRajpal and Sanch , _c1961. |
||
| 300 | _a176 ; . | ||
| 365 | _a3.00 | ||
| 504 | _a | ||
| 942 | _cBK | ||
| 999 |
_c6455 _d6455 |
||